| 000 | 00698nam a2200265 a 4500 | ||
|---|---|---|---|
| 005 | 20210219153400.0 | ||
| 008 | 991125n 000 0 u | ||
| 035 | _aUPN01000095416 | ||
| 100 | _aHendershott, Anne B. | ||
| 222 | _aNASPA JOURNAL | ||
| 245 | _aQuality of life correlates for university students | ||
| 300 | _a11-19 | ||
| 362 | _a30, No. 1, 1992 | ||
| 505 | _aMarzo 1993 | ||
| 653 | 0 | _aACTITUDES DEL ESTUDIANTE | |
| 653 | 0 | _aAMISTAD | |
| 653 | 0 | _aCALIDAD DE VIDA | |
| 653 | 0 | _aESTUDIANTES EN EL COLEGIO | |
| 653 | 0 | _aVIDA SOCIAL | |
| 653 | 0 | _aWELL BEING | |
| 700 | _aWright, Sheila P. | ||
| 700 | _aHenderson, Deborah | ||
| 904 |
_aAC _b033227 |
||
| 905 | _aArticulo | ||
| 999 |
_c75500 _d75500 |
||